Statistics for Name the College Football Team: Missouri Valley

Click here to take the quiz!

General Stats

  • This quiz has been taken 24 times
    (4 since last reset)
  • The average score is 9 of 11

Answer Stats

Answer% Correct
Indiana State
100%
Murray State
100%
North Dakota
100%
North Dakota State
100%
Northern Iowa
100%
South Dakota State
100%
Illinois State
75%
Missouri State
75%
Youngstown State
75%
South Dakota
50%
Southern Illinois
50%

Score Distribution

Percentile by Number Answered

Percent of People with Each Score

Your Score History

You have not taken this quiz since the last reset